00407nam a2200181Ia 4500003000400000005001700004008004100021020001800062040000700080041000800087082001600095100001500111245002400126260003800150300000900188650001400197700001400211OSt20250823122614.0250729s2004 xx 000 0 und d a9788176485562 cAL aeng a370.71 RANT aRana Gopal aTeaching strategies aNew DelhibA P H Publishingc2004 a218p aEducation aSingh R P